[Event "CZE-ch U10 Girls"]
[Site "Kouty nad Desnou"]
[Date "2015.03.13"]
[Round "8"]
[White "Krumpholcova, Marie"]
[Black "Maresova, Michaela"]
[Result "0-1"]
[WhiteElo "1049"]
[BlackElo "1559"]
[PlyCount "80"]
[EventDate "2015.03.07"]
[EventType "swiss"]
[EventRounds "9"]
[EventCountry "CZE"]
[SourceTitle "EXT 2017"]
[Source "ChessBase"]
[SourceDate "2016.10.25"]
[SourceVersion "1"]
[SourceVersionDate "2016.10.25"]
[SourceQuality "1"]

1. c4 e5 2. g3 Nc6 3. Nf3 Nf6 4. Bg2 Bc5 5. 0-0 d6 6. Nc3 0-0 7. Nd5 Nxd5 8. cxd5 Ne7 9. Rb1 Nxd5 10. Ne1 Nf6 11. Nd3 Bb6 12. b4 a6 13. Re1 c6 14. Ba3 Be6 15. Rb2 Bd4 16. Rb1 Bxa2 17. Ra1 Bxa1 18. Qxa1 Be6 19. Kh1 a5 20. e3 e4 21. bxa5 exd3 22. Bb4 Re8 23. Kg1 d5 24. Rc1 Qc8 25. g4 Bxg4 26. Rc3 b6 27. Qf1 bxa5 28. Ba3 Be2 29. Qe1 Qc7 30. f4 g5 31. Qf2 Rab8 32. Rc1 Rb7 33. Bc5 Reb8 34. Qe1 a4 35. fxg5 Ng4 36. Qg3 Qxg3 37. hxg3 Rb1 38. Rxb1 Rxb1+ 39. Bf1 Bxf1 40. Kh1 Bh3# 0-1